[Event "76. Campeonato de Alemania"]
[Site "Altenkirchen GER"]
[Date "2005.02.18"]
[Round "1.1"]
[White "Solonar, Stephan"]
[Black "Graf, Alexander"]
[Result "0-1"]
[WhiteElo "2393"]
[BlackElo "2637"]
[PlyCount "62"]
[EventDate "2005.02.18"]
[EventType "swiss"]
[EventRounds "9"]
[EventCountry "GER"]
[Source "lmi"]
[SourceDate "2005.02.23"]

1. c4 Nf6 2. Nc3 e5 3. Nf3 Nc6 4. g3 d5 5. cxd5 Nxd5 6. Bg2 Nb6 7. O-O Be7 8.
a3 O-O 9. b4 Be6 10. d3 a5 11. b5 Nd4 12. Nd2 c6 13. bxc6 Nxc6 14. a4 Bb4 15.
Bb2 Qe7 16. Nf3 Rfd8 17. Qb1 Nd7 18. d4 Nxd4 19. Nxd4 exd4 20. Nb5 d3 21. Qxd3
Nc5 22. Qe3 Nb3 23. Qe5 f6 24. Qe4 Nd2 25. Qxb7 Qxb7 26. Bxb7 Rab8 27. Bg2 Nxf1
28. Bxf1 Rd2 29. Bc3 Ra2 30. Rxa2 Bxa2 31. Bd4 Bb3 0-1

[Event "76. Campeonato de Alemania"]
[Site "Altenkirchen GER"]
[Date "2005.02.18"]
[Round "1.2"]
[White "Gustafsson, Jan"]
[Black "Alber, Horst"]
[Result "1-0"]
[WhiteElo "2616"]
[BlackElo "2387"]
[PlyCount "67"]
[EventDate "2005.02.18"]
[EventType "swiss"]
[EventRounds "9"]
[EventCountry "GER"]
[Source "lmi"]
[SourceDate "2005.02.23"]

1. d4 Nf6 2. c4 g6 3. Nc3 Bg7 4. e4 d6 5. Nf3 O-O 6. Be2 e5 7. Be3 Ng4 8. Bg5
f6 9. Bh4 Qd7 10. O-O Nc6 11. d5 Ne7 12. Ne1 h5 13. Nd3 f5 14. h3 Nf6 15. Bxf6
Rxf6 16. f4 exf4 17. Nxf4 c5 18. Bd3 Qe8 19. Qe2 Bd7 20. Rae1 Qf7 21. e5 dxe5
22. Qxe5 Nc8 23. Qc7 Nd6 24. Qxc5 Rc8 25. Qxa7 Nxc4 26. Bxc4 Rxc4 27. Nd3 Rxc3
28. bxc3 Qxd5 29. Ne5 Be8 30. c4 Qd6 31. Qxb7 Re6 32. Nf3 Rxe1 33. Rxe1 Bc6 34.
Qc8+ 1-0

[Event "76. Campeonato de Alemania"]
[Site "Altenkirchen GER"]
[Date "2005.02.18"]
[Round "1.3"]
[White "Meier, Georg"]
[Black "Khenkin, Igor"]
[Result "1/2-1/2"]
[WhiteElo "2372"]
[BlackElo "2604"]
[PlyCount "69"]
[EventDate "2005.02.18"]
[EventType "swiss"]
[EventRounds "9"]
[EventCountry "GER"]
[Source "lmi"]
[SourceDate "2005.02.23"]

1. e4 c5 2. Nf3 Nc6 3. Bb5 d6 4. O-O Bd7 5. Re1 Nf6 6. c3 a6 7. Bf1 Bg4 8. d3
e6 9. Nbd2 Be7 10. h3 Bh5 11. g4 Bg6 12. Nh4 Nd7 13. Ng2 e5 14. Nc4 h5 15. f4
hxg4 16. hxg4 exf4 17. Bxf4 Nf8 18. Bg3 Ne6 19. Nf4 Nxf4 20. Bxf4 b5 21. e5
dxe5 22. Nxe5 Nxe5 23. Rxe5 O-O 24. Qf3 Ra7 25. Rae1 Rd7 26. Bg3 Bd6 27. Rd5
Bxg3 28. Rxd7 Bh2+ 29. Kxh2 Qh4+ 30. Kg1 Qxe1 31. Rd6 a5 32. Rxg6 fxg6 33. Qd5+
Rf7 34. Qa8+ Kh7 35. Qh1+ 1/2-1/2

[Event "76. Campeonato de Alemania"]
[Site "Altenkirchen GER"]
[Date "2005.02.18"]
[Round "1.5"]
[White "Muranyi, Karl-Jasmin"]
[Black "Schlosser, Philipp"]
[Result "0-1"]
[WhiteElo "2366"]
[BlackElo "2570"]
[PlyCount "78"]
[EventDate "2005.02.18"]
[EventType "swiss"]
[EventRounds "9"]
[EventCountry "GER"]
[Source "lmi"]
[SourceDate "2005.02.23"]

1. d4 f5 2. g4 d5 3. Qd3 g6 4. Bg2 fxg4 5. h3 Nf6 6. hxg4 Bxg4 7. f3 Be6 8. e4
Nc6 9. Ne2 Qd7 10. Be3 dxe4 11. fxe4 Bg4 12. Nbc3 e5 13. d5 Nd8 14. O-O-O Nf7
15. Rdf1 Be7 16. Kb1 O-O 17. Ng3 Nd6 18. Nd1 Qb5 19. Qxb5 Nxb5 20. Nf2 Nd6 21.
b3 h5 22. Bg5 Rae8 23. Nd3 Nh7 24. Rxf8+ Bxf8 25. Be3 b6 26. c4 Nf7 27. Bh3 Nf6
28. Bxg4 Nxg4 29. Bd2 Bh6 30. Bc3 Nd6 31. Bb4 Nf6 32. Rg1 Kh7 33. Rf1 Bg7 34.
Nf2 Kg8 35. Rh1 Bh6 36. c5 bxc5 37. Bxc5 a6 38. Rg1 Kf7 39. Rf1 Bf4 0-1

[Event "76. Campeonato de Alemania"]
[Site "Altenkirchen GER"]
[Date "2005.02.18"]
[Round "1.6"]
[White "Bischoff, Klaus"]
[Black "Deglmann, Ludwig"]
[Result "1/2-1/2"]
[WhiteElo "2555"]
[BlackElo "2361"]
[PlyCount "41"]
[EventDate "2005.02.18"]
[EventType "swiss"]
[EventRounds "9"]
[EventCountry "GER"]
[Source "lmi"]
[SourceDate "2005.02.23"]

1. d4 d5 2. c4 c6 3. e3 Nf6 4. Nc3 a6 5. Nf3 b5 6. c5 Nbd7 7. b4 a5 8. bxa5 b4
9. Ne2 Qxa5 10. Bd2 Ne4 11. Nc1 e5 12. Be2 Nxd2 13. Nxd2 Be7 14. O-O O-O 15.
Rb1 exd4 16. exd4 Bg5 17. Ndb3 Qc7 18. Rb2 Rb8 19. Bd3 Nf6 20. Re2 Be6 21. Bb1
1/2-1/2

[Event "76. Campeonato de Alemania"]
[Site "Altenkirchen GER"]
[Date "2005.02.18"]
[Round "1.7"]
[White "Kraemer, Martin"]
[Black "Baramidze, David"]
[Result "0-1"]
[WhiteElo "2357"]
[BlackElo "2550"]
[PlyCount "46"]
[EventDate "2005.02.18"]
[EventType "swiss"]
[EventRounds "9"]
[EventCountry "GER"]
[Source "lmi"]
[SourceDate "2005.02.23"]

1. e4 c5 2. Nf3 d6 3. d4 cxd4 4. Nxd4 Nf6 5. Nc3 a6 6. Be3 e5 7. Nb3 Be6 8. f3
Be7 9. Qd2 Nbd7 10. g4 h6 11. O-O-O Qc7 12. Kb1 b5 13. Qf2 Rb8 14. h4 Nb6 15.
Bd3 Na4 16. Ne2 d5 17. g5 dxe4 18. Bxe4 Nxe4 19. fxe4 h5 20. Qg3 O-O 21. Nec1
Rfc8 22. Rh2 Ba3 23. Nd3 Bxb2 0-1

[Event "76. Campeonato de Alemania"]
[Site "Altenkirchen GER"]
[Date "2005.02.18"]
[Round "1.8"]
[White "Kritz, Leonid"]
[Black "Pajeken, Wolfgang"]
[Result "1/2-1/2"]
[WhiteElo "2547"]
[BlackElo "2354"]
[PlyCount "163"]
[EventDate "2005.02.18"]
[EventType "swiss"]
[EventRounds "9"]
[EventCountry "GER"]
[Source "lmi"]
[SourceDate "2005.02.23"]

1. e4 e5 2. Nf3 Nc6 3. d4 exd4 4. Nxd4 Nf6 5. Nxc6 bxc6 6. e5 Qe7 7. Qe2 Nd5 8.
c4 Nb6 9. Nc3 a5 10. Bd2 Ba6 11. Qe4 Qb4 12. Nb5 cxb5 13. Bxb4 Bxb4+ 14. Kd1
bxc4 15. Rc1 O-O 16. Bxc4 Bxc4 17. Rxc4 d5 18. exd6 Nxc4 19. Qxc4 cxd6 20. Ke2
Rfc8 21. Qd3 a4 22. a3 Bc5 23. Rc1 Re8+ 24. Kf1 Rab8 25. Rc2 Rb3 26. Qd2 g6 27.
Rc3 Rb7 28. h4 h5 29. Rf3 Reb8 30. Qd5 Re7 31. Qa2 Bd4 32. b4 axb3 33. Rxb3
Rxb3 34. Qxb3 Bc5 35. a4 Re4 36. g3 Rb4 37. Qa2 Bd4 38. f4 Rb2 39. Qd5 Bc5 40.
a5 Rb1+ 41. Ke2 Ra1 42. Qa8+ Kg7 43. a6 Ra3 44. Qb7 Rxg3 45. a7 Re3+ 46. Kd2
Bxa7 47. Qxa7 Re6 48. Qd7 Rf6 49. Ke3 Re6+ 50. Kf3 Kg8 51. Qc8+ Kg7 52. Qc3+
Kh7 53. Qd4 Kg8 54. f5 gxf5 55. Qf4 Kg7 56. Qg5+ Rg6 57. Qxh5 Rh6 58. Qg5+ Rg6
59. Qe7 f4 60. Kxf4 Rf6+ 61. Kg5 Rg6+ 62. Kf5 Re6 63. Qg5+ Rg6 64. Qd8 Re6 65.
h5 Re5+ 66. Kg4 Re4+ 67. Kf3 Re6 68. Qg5+ Kh7 69. Kf4 Rh6 70. Ke4 Re6+ 71. Kd4
d5 72. Kxd5 Rh6 73. Ke4 Re6+ 74. Kf4 Rh6 75. Qe7 Kg7 76. Kg5 Re6 77. Qc7 Rh6
78. Qh2 Kh7 79. Kf5 Kg7 80. Qe5+ Kh7 81. Qb8 Kg7 82. Kg5 1/2-1/2

[Event "76. Campeonato de Alemania"]
[Site "Altenkirchen GER"]
[Date "2005.02.18"]
[Round "1.9"]
[White "Ljubarskij, Juri"]
[Black "Luther, Thomas"]
[Result "0-1"]
[WhiteElo "2348"]
[BlackElo "2543"]
[PlyCount "86"]
[EventDate "2005.02.18"]
[EventType "swiss"]
[EventRounds "9"]
[EventCountry "GER"]
[Source "lmi"]
[SourceDate "2005.02.23"]

1. e4 Nf6 2. e5 Nd5 3. d4 d6 4. Nf3 dxe5 5. Nxe5 c6 6. Bc4 Nd7 7. O-O Nxe5 8.
dxe5 Bf5 9. Nd2 e6 10. Nf3 Nb4 11. Qxd8+ Rxd8 12. c3 Bd3 13. Bxd3 Nxd3 14. Be3
Bc5 15. Bxc5 Nxc5 16. Rfe1 Ke7 17. Re2 Rd5 18. g3 Nd3 19. c4 Rd7 20. Ne1 g5 21.
b3 Nc5 22. f3 Rhd8 23. Kf2 a5 24. h3 h5 25. Rc1 Rd4 26. Rcc2 Rd1 27. Ke3 Ra1
28. Rc3 Rdd1 29. Kf2 Rab1 30. f4 g4 31. hxg4 hxg4 32. Rce3 Kf8 33. Rc3 Kg7 34.
Ree3 Rd2+ 35. Kf1 Rxa2 36. Re2 Rxe2 37. Kxe2 Nxb3 38. Nc2 a4 39. Kd3 Rd1+ 40.
Ke3 Rc1 41. Kd3 Rg1 42. Ke4 Nd2+ 43. Kd3 Nb1 0-1

[Event "76. Campeonato de Alemania"]
[Site "Altenkirchen GER"]
[Date "2005.02.18"]
[Round "1.10"]
[White "Prusikin, Michael"]
[Black "Schunk, Eduard"]
[Result "1/2-1/2"]
[WhiteElo "2540"]
[BlackElo "2337"]
[PlyCount "30"]
[EventDate "2005.02.18"]
[EventType "swiss"]
[EventRounds "9"]
[EventCountry "GER"]
[Source "lmi"]
[SourceDate "2005.02.23"]

1. c4 Nf6 2. Nc3 g6 3. e4 d6 4. g3 Nc6 5. Bg2 e5 6. Nge2 Bg7 7. d3 O-O 8. O-O
Nd4 9. Nxd4 exd4 10. Ne2 Ne8 11. h3 c6 12. b4 a5 13. b5 cxb5 14. cxb5 a4 15.
Qd2 Qb6 1/2-1/2

[Event "76. Campeonato de Alemania"]
[Site "Altenkirchen GER"]
[Date "2005.02.18"]
[Round "1.11"]
[White "Scherer, Max"]
[Black "Rabiega, Robert"]
[Result "1-0"]
[WhiteElo "2325"]
[BlackElo "2539"]
[PlyCount "83"]
[EventDate "2005.02.18"]
[EventType "swiss"]
[EventRounds "9"]
[EventCountry "GER"]
[Source "lmi"]
[SourceDate "2005.02.23"]

1. c4 e5 2. g3 Nf6 3. Bg2 d5 4. cxd5 Nxd5 5. Nc3 Nb6 6. Nf3 Nc6 7. Rb1 Be7 8.
b4 Bf5 9. b5 Nd4 10. d3 Bf6 11. Ba3 Be7 12. Bb2 Nxf3+ 13. Bxf3 Rb8 14. O-O O-O
15. a4 Nd7 16. Nd5 Bd6 17. Qc2 Re8 18. Rfd1 Nc5 19. Ne3 Bg6 20. Rbc1 h6 21. Bd5
Nd7 22. Qb3 Bc5 23. Ng2 Qf6 24. e3 Re7 25. d4 exd4 26. Nf4 c6 27. Bg2 Bd6 28.
Bxd4 Be5 29. Bxa7 Rc8 30. a5 Bxf4 31. exf4 Bh5 32. Re1 Rxe1+ 33. Rxe1 cxb5 34.
Bxb7 Rc7 35. a6 Nc5 36. Bxc5 Rxc5 37. a7 Rc3 38. a8=Q+ Kh7 39. Qb1+ Bg6 40. Be4
Rc5 41. Bxg6+ fxg6 42. Re8 1-0

[Event "76. Campeonato de Alemania"]
[Site "Altenkirchen GER"]
[Date "2005.02.18"]
[Round "1.12"]
[White "Fish, Gennadij"]
[Black "Dresen, Ulrich"]
[Result "1-0"]
[WhiteElo "2523"]
[BlackElo "2322"]
[PlyCount "77"]
[EventDate "2005.02.18"]
[EventType "swiss"]
[EventRounds "9"]
[EventCountry "GER"]
[Source "lmi"]
[SourceDate "2005.02.23"]

1. d4 d5 2. c4 c6 3. Nf3 Nf6 4. Nc3 a6 5. a4 e6 6. e3 c5 7. a5 Nc6 8. Ne5 Bd6
9. Nxc6 bxc6 10. Na4 cxd4 11. c5 Bc7 12. Nb6 Ra7 13. exd4 e5 14. Be2 O-O 15.
O-O h6 16. Be3 Re8 17. Re1 Bf5 18. Bf3 Bb8 19. dxe5 Bxe5 20. Bd4 Rae7 21. Rxe5
Rxe5 22. Bxe5 Rxe5 23. Nc4 Re7 24. Nd6 Bc8 25. Qa4 Bd7 26. Qb4 Qa8 27. h3 Be6
28. Re1 Rd7 29. Be2 Rd8 30. Bd3 Rb8 31. Qd4 Ne8 32. b4 Rd8 33. f4 Qa7 34. Nxe8
Rxe8 35. f5 Bd7 36. Rxe8+ Bxe8 37. f6 g5 38. Qg4 Qb8 39. Qf5 1-0

[Event "76. Campeonato de Alemania"]
[Site "Altenkirchen GER"]
[Date "2005.02.18"]
[Round "1.13"]
[White "Namyslo, Holger"]
[Black "Meister, Jakob"]
[Result "1/2-1/2"]
[WhiteElo "2314"]
[BlackElo "2519"]
[PlyCount "87"]
[EventDate "2005.02.18"]
[EventType "swiss"]
[EventRounds "9"]
[EventCountry "GER"]
[Source "lmi"]
[SourceDate "2005.02.23"]

1. e4 e5 2. Nf3 Nc6 3. d4 exd4 4. Nxd4 Nf6 5. Nc3 Bb4 6. Nxc6 bxc6 7. Bd3 d5 8.
exd5 cxd5 9. O-O O-O 10. Bg5 c6 11. Qf3 Be7 12. Rfe1 Be6 13. Ne2 h6 14. Bxf6
Bxf6 15. c3 Rb8 16. Rab1 Re8 17. Nf4 Bd7 18. Rxe8+ Bxe8 19. Nh5 Bg5 20. g3 g6
21. Nf4 Bf6 22. Ne2 Bg7 23. b4 Bd7 24. h4 h5 25. Qf4 Rc8 26. Ba6 Rc7 27. Nd4
Bc8 28. Bxc8 Rxc8 29. a4 Qd7 30. Kg2 Re8 31. Rd1 c5 32. bxc5 Qxa4 33. Rb1 Be5
34. Qe3 Bxd4 35. Qxd4 Qc6 36. Rd1 Rc8 37. Qxd5 Qxc5 38. Qxc5 Rxc5 39. Rd7 a5
40. Ra7 Kg7 41. Kf1 Kf6 42. Ke2 Ke6 43. Kd3 Rd5+ 44. Ke3 1/2-1/2

[Event "76. Campeonato de Alemania"]
[Site "Altenkirchen GER"]
[Date "2005.02.18"]
[Round "1.14"]
[White "Hort, Vlastimil"]
[Black "Schulz, Karsten"]
[Result "1/2-1/2"]
[WhiteElo "2515"]
[BlackElo "2310"]
[PlyCount "91"]
[EventDate "2005.02.18"]
[EventType "swiss"]
[EventRounds "9"]
[EventCountry "GER"]
[Source "lmi"]
[SourceDate "2005.02.23"]

1. e4 e6 2. d4 d5 3. Nd2 c5 4. Ngf3 Nc6 5. exd5 exd5 6. Bb5 Bd6 7. dxc5 Bxc5 8.
Nb3 Bd6 9. Bg5 Nge7 10. O-O O-O 11. Bh4 Bg4 12. Be2 Qc7 13. Bg3 Bxg3 14. hxg3
Rad8 15. Re1 Rfe8 16. Nfd4 Bxe2 17. Qxe2 Nxd4 18. Nxd4 Qd7 19. Qb5 Qxb5 20.
Nxb5 Nc6 21. Rxe8+ Rxe8 22. Rd1 Rd8 23. Nd4 Kf8 24. g4 Nxd4 25. Rxd4 Ke7 26. c3
Kd6 27. f3 f6 28. Kf2 Kc6 29. Ke3 Re8+ 30. Kd2 Rh8 31. Rf4 h6 32. Rf5 Re8 33.
b3 b6 34. Rf4 Rh8 35. a4 Re8 36. Rd4 Rh8 37. Ke3 Re8+ 38. Kd2 Rh8 39. Rf4 Re8
40. b4 a5 41. Rd4 axb4 42. Rxb4 Ra8 43. Kd3 Re8 44. c4 dxc4+ 45. Rxc4+ Kd6 46.
Rd4+ 1/2-1/2

[Event "76. Campeonato de Alemania"]
[Site "Altenkirchen GER"]
[Date "2005.02.18"]
[Round "1.15"]
[White "Degitiarev, Jewgenij"]
[Black "Sprenger, Jan Michael"]
[Result "1/2-1/2"]
[WhiteElo "2297"]
[BlackElo "2491"]
[PlyCount "83"]
[EventDate "2005.02.18"]
[EventType "swiss"]
[EventRounds "9"]
[EventCountry "GER"]
[Source "lmi"]
[SourceDate "2005.02.23"]

1. d4 Nf6 2. c4 e6 3. Nc3 Bb4 4. e3 O-O 5. Bd3 d5 6. a3 Bxc3+ 7. bxc3 dxc4 8.
Bxc4 c5 9. Ne2 Qc7 10. Ba2 b6 11. O-O Ba6 12. Re1 Nc6 13. Ng3 Rfd8 14. Nh5 Nxh5
15. Qxh5 Na5 16. Rd1 cxd4 17. cxd4 Bc4 18. Bd2 Bxa2 19. Bxa5 Bd5 20. Bd2 Qb7
21. Qg4 h6 22. Qg3 Rac8 23. e4 Bxe4 24. Bxh6 f6 25. Rac1 Kf8 26. Be3 Bc2 27.
Re1 Kf7 28. Qf3 Qxf3 29. gxf3 Rc4 30. Kg2 Rdc8 31. h4 Rc3 32. Ra1 Bb3 33. a4
R8c6 34. Reb1 Bd5 35. a5 Kg6 36. Kg3 Rb3 37. Rxb3 Bxb3 38. axb6 axb6 39. Kg4
f5+ 40. Kf4 b5 41. Ra7 Bc4 42. Rb7 1/2-1/2

[Event "76. Campeonato de Alemania"]
[Site "Altenkirchen GER"]
[Date "2005.02.18"]
[Round "1.16"]
[White "Handke, Florian"]
[Black "Schneider, Bernd"]
[Result "1/2-1/2"]
[WhiteElo "2488"]
[BlackElo "2293"]
[PlyCount "89"]
[EventDate "2005.02.18"]
[EventType "swiss"]
[EventRounds "9"]
[EventCountry "GER"]
[Source "lmi"]
[SourceDate "2005.02.23"]

1. d4 Nf6 2. c4 c5 3. d5 e5 4. Nc3 d6 5. e4 Be7 6. h3 O-O 7. Bd3 Ne8 8. Nf3 g6
9. g4 Ng7 10. Rg1 Na6 11. Bh6 Bd7 12. Qd2 Nc7 13. Nd1 b5 14. Ne3 bxc4 15. Bxc4
Bb5 16. b3 Bxc4 17. bxc4 Qd7 18. Ke2 Rfb8 19. Ne1 Qa4 20. Nd3 Nge8 21. Rab1 Rb6
22. Rb2 Rab8 23. Rgb1 Bd8 24. Qc3 Nf6 25. f3 Nd7 26. Rxb6 Rxb6 27. Rxb6 axb6
28. Qb3 Qxb3 29. axb3 f6 30. h4 Be7 31. Ng2 b5 32. cxb5 Nxb5 33. Be3 Bd8 34.
Nb2 Ba5 35. Kd3 Kf7 36. Nc4 Bb4 37. f4 exf4 38. Bxf4 Ne5+ 39. Bxe5 fxe5 40. h5
Kf6 41. hxg6 hxg6 42. Ke3 Kg5 43. Kf3 Bc3 44. Kg3 Bb4 45. Kf3 1/2-1/2

[Event "76. Campeonato de Alemania"]
[Site "Altenkirchen GER"]
[Date "2005.02.18"]
[Round "1.17"]
[White "Asendorf, Joachim"]
[Black "Tischbierek, Raj"]
[Result "0-1"]
[WhiteElo "2282"]
[BlackElo "2477"]
[PlyCount "106"]
[EventDate "2005.02.18"]
[EventType "swiss"]
[EventRounds "9"]
[EventCountry "GER"]
[Source "lmi"]
[SourceDate "2005.02.23"]

1. c4 e6 2. Nc3 Nf6 3. e4 c5 4. e5 Ng8 5. d4 cxd4 6. Qxd4 Nc6 7. Qe4 d6 8. Nf3
dxe5 9. Nxe5 Bd7 10. Nxd7 Qxd7 11. Bf4 Bb4 12. Rd1 Qe7 13. Qe3 e5 14. Bg3 f5
15. f4 g5 16. Bf2 exf4 17. Qxe7+ Ngxe7 18. c5 Rd8 19. Bc4 Ne5 20. Bb5+ N7c6 21.
O-O Bxc3 22. bxc3 O-O 23. Rd6 Rxd6 24. cxd6 Rd8 25. Bc5 Kf7 26. Re1 Kf6 27. Ba3
Na5 28. Bc5 Nac6 29. Ba3 f3 30. Bf1 g4 31. Rb1 b6 32. c4 fxg2 33. Kxg2 Nd7 34.
c5 Nxc5 35. Bb2+ Ke6 36. Re1+ Kxd6 37. Bb5 Kc7 38. Kg3 a6 39. Bf1 Nd3 40. Re2
Nxb2 41. Rxb2 b5 42. Kf4 Ne7 43. Bg2 Rd4+ 44. Ke5 Rc4 45. Kf6 Ng6 46. Kxf5 Nh4+
47. Kg5 Nxg2 48. Rxg2 a5 49. Rf2 Kc6 50. Rf7 Rc2 51. Rxh7 Rxa2 52. Kxg4 b4 53.
h4 b3 0-1

[Event "76. Campeonato de Alemania"]
[Site "Altenkirchen GER"]
[Date "2005.02.18"]
[Round "1.18"]
[White "Braun, Arik"]
[Black "Schunk, Thomas"]
[Result "1-0"]
[WhiteElo "2463"]
[BlackElo "2280"]
[PlyCount "47"]
[EventDate "2005.02.18"]
[EventType "swiss"]
[EventRounds "9"]
[EventCountry "GER"]
[Source "lmi"]
[SourceDate "2005.02.23"]

1. d4 Nf6 2. c4 d6 3. Nc3 Nbd7 4. Nf3 e5 5. Bg5 Be7 6. e3 c6 7. Qc2 Qc7 8.
O-O-O b6 9. Bd3 Bb7 10. Bf5 g6 11. Bxd7+ Nxd7 12. Bxe7 Kxe7 13. h4 Nf6 14. c5
dxc5 15. dxe5 Nd5 16. Ne4 Rad8 17. Nd6 Bc8 18. e4 Nf4 19. Qd2 Ne6 20. Ng5 Rdf8
21. Nxe6 Kxe6 22. f4 Ke7 23. f5 f6 24. Qh6 1-0

[Event "76. Campeonato de Alemania"]
[Site "Altenkirchen GER"]
[Date "2005.02.18"]
[Round "1.19"]
[White "Leiber, Bernhard"]
[Black "Meins, Gerlef"]
[Result "0-1"]
[WhiteElo "2230"]
[BlackElo "2440"]
[PlyCount "74"]
[EventDate "2005.02.18"]
[EventType "swiss"]
[EventRounds "9"]
[EventCountry "GER"]
[Source "lmi"]
[SourceDate "2005.02.23"]

1. e4 c5 2. Nc3 Nc6 3. g3 g6 4. Bg2 Bg7 5. d3 d6 6. Be3 e5 7. Qd2 Nge7 8. h4 h5
9. Nd5 Nxd5 10. exd5 Nd4 11. Qc1 Bg4 12. c3 Nf5 13. Bd2 O-O 14. Nf3 c4 15. Nh2
cxd3 16. Nxg4 hxg4 17. Be4 Rc8 18. Qd1 Bh6 19. Bxh6 Nxh6 20. Qd2 Kg7 21. O-O-O
f5 22. Bxd3 Qf6 23. Kb1 e4 24. Be2 Nf7 25. Qe3 b6 26. Rd4 Rh8 27. Rhd1 g5 28.
Ba6 Rc7 29. hxg5 Qxg5 30. Qe2 Ne5 31. Qb5 Rh2 32. Qe2 Nf3 33. Ra4 Re7 34. Qc2
e3 35. Rf4 Rxf2 36. Qa4 e2 37. Bxe2 Rexe2 0-1

[Event "76. Campeonato de Alemania"]
[Site "Altenkirchen GER"]
[Date "2005.02.18"]
[Round "1.20"]
[White "Henrichs, Thomas"]
[Black "Schinke, Andreas"]
[Result "1-0"]
[WhiteElo "2407"]
[BlackElo "2191"]
[PlyCount "27"]
[EventDate "2005.02.18"]
[EventType "swiss"]
[EventRounds "9"]
[EventCountry "GER"]
[Source "lmi"]
[SourceDate "2005.02.23"]

1. d4 d5 2. c4 Nc6 3. Nf3 Bg4 4. Nc3 dxc4 5. d5 Bxf3 6. exf3 Ne5 7. Bf4 Ng6 8.
Bxc4 Nf6 9. Bg3 c6 10. dxc6 bxc6 11. Qa4 Qb6 12. Nb5 Nd5 13. Bxd5 cxb5 14. Qc2
1-0

[Event "76. Campeonato de Alemania"]
[Site "Altenkirchen GER"]
[Date "2005.02.18"]
[Round "1.21"]
[White "Schmidt, Reiner"]
[Black "Breutigam, Martin"]
[Result "0-1"]
[WhiteElo "2183"]
[BlackElo "2403"]
[PlyCount "90"]
[EventDate "2005.02.18"]
[EventType "swiss"]
[EventRounds "9"]
[EventCountry "GER"]
[Source "lmi"]
[SourceDate "2005.02.23"]

1. d4 d5 2. Nf3 c5 3. c4 e6 4. cxd5 exd5 5. g3 Nf6 6. Bg2 Be7 7. O-O O-O 8. Be3
c4 9. Ne5 Nc6 10. b3 cxb3 11. Qxb3 Na5 12. Qa4 Be6 13. Bd2 Nc4 14. Nxc4 dxc4
15. Bc3 Nd5 16. Rd1 Bf6 17. Qc2 Rc8 18. a3 Re8 19. Bf3 b5 20. Ra2 Qb6 21. Be1
c3 22. Bxd5 Bxd5 23. Nxc3 Bxa2 24. Qxa2 Bxd4 25. Nd5 Qc5 26. e3 Be5 27. Bb4 Qc4
28. Ne7+ Kh8 29. Qd2 Ra8 30. Qd7 h6 31. Nc6 Bf6 32. Na5 Qe6 33. Qxb5 Red8 34.
Rc1 Rac8 35. Rf1 Qd5 36. Qe2 Bc3 37. Rb1 Qe4 38. Rd1 Rxd1+ 39. Qxd1 Bxb4 40.
axb4 Qxb4 41. Qd5 Qc5 42. Qd7 Qc7 43. Qd5 Rd8 44. Qf5 Rd1+ 45. Kg2 Ra1 0-1

[Event "76. Campeonato de Alemania"]
[Site "Altenkirchen GER"]
[Date "2005.02.18"]
[Round "1.22"]
[White "Wisnewski, Christoph"]
[Black "Bischoff, Dieter"]
[Result "1-0"]
[WhiteElo "2401"]
[BlackElo "2145"]
[PlyCount "53"]
[EventDate "2005.02.18"]
[EventType "swiss"]
[EventRounds "9"]
[EventCountry "GER"]
[Source "lmi"]
[SourceDate "2005.02.23"]

1. d4 Nf6 2. Nc3 d5 3. Bg5 Nbd7 4. e3 e6 5. Qf3 Be7 6. O-O-O c5 7. g4 Qa5 8.
Bxf6 Bxf6 9. Kb1 a6 10. h4 Rb8 11. g5 Be7 12. Nh3 b5 13. h5 b4 14. Ne2 Nb6 15.
dxc5 Na4 16. Qf4 Rb5 17. Nc1 Rxc5 18. Nb3 Qb6 19. Qd4 Rg8 20. Bd3 g6 21. hxg6
hxg6 22. Nf4 Rc7 23. Rh8 Rxh8 24. Qxh8+ Bf8 25. Nxg6 fxg6 26. Bxg6+ Rf7 27. Qf6
1-0

[Event "76. Campeonato de Alemania"]
[Site "Altenkirchen GER"]
[Date "2005.02.18"]
[Round "1.23"]
[White "Heidorn, Oliver"]
[Black "Bastian, Herbert"]
[Result "0-1"]
[WhiteElo "2111"]
[BlackElo "2400"]
[PlyCount "78"]
[EventDate "2005.02.18"]
[EventType "swiss"]
[EventRounds "9"]
[EventCountry "GER"]
[Source "lmi"]
[SourceDate "2005.02.23"]

1. d4 Nf6 2. Nf3 g6 3. c3 b6 4. Bg5 Bg7 5. Nbd2 Bb7 6. Qc2 c5 7. dxc5 bxc5 8.
e4 O-O 9. Bc4 d6 10. O-O Nbd7 11. Rfe1 Qc7 12. Rad1 Rab8 13. h3 Bc6 14. Bf1 Qb7
15. b3 Rfe8 16. Bf4 Rbd8 17. Bh2 Nb6 18. c4 e5 19. Bd3 Na8 20. Nb1 Nc7 21. Nc3
Ne6 22. Nd5 Nh5 23. Qd2 Rf8 24. g4 Nhf4 25. Nxf4 exf4 26. Bxf4 Nxf4 27. Qxf4 f5
28. gxf5 gxf5 29. Qh4 Bf6 30. Qf4 Bc3 31. Ng5 Qg7 32. Qg3 f4 33. Qg2 f3 34. Qg3
h6 35. Nxf3 Rxf3 36. Qxg7+ Kxg7 37. Re2 Rdf8 38. Kg2 Bd7 39. Rh1 Rxd3 0-1

[Event "76. Campeonato de Alemania"]
[Site "Altenkirchen GER"]
[Date "2005.02.19"]
[Round "2.2"]
[White "Tischbierek, Raj"]
[Black "Gustafsson, Jan"]
[Result "0-1"]
[WhiteElo "2477"]
[BlackElo "2616"]
[PlyCount "62"]
[EventDate "2005.02.18"]
[EventType "swiss"]
[EventRounds "9"]
[EventCountry "GER"]
[Source "lmi"]
[SourceDate "2005.02.23"]

1. e4 e5 2. Nf3 Nc6 3. Bb5 a6 4. Ba4 Nf6 5. O-O Be7 6. Re1 b5 7. Bb3 O-O 8. d4
d6 9. c3 Bg4 10. Be3 Bh5 11. h3 exd4 12. cxd4 d5 13. g4 Bg6 14. Ne5 Na5 15.
Nxg6 hxg6 16. e5 Ne4 17. Nc3 Bb4 18. Rc1 Nxb3 19. axb3 Bxc3 20. bxc3 Qh4 21.
Rc2 f5 22. f3 Nxc3 23. Rxc3 Qg3+ 24. Kf1 fxg4 25. Ke2 b4 26. Rxc7 gxf3+ 27. Kd2
Qg2+ 28. Kc1 f2 29. Rf1 Rf3 30. Bd2 Rxh3 31. Qe2 Rh1 0-1

[Event "76. Campeonato de Alemania"]
[Site "Altenkirchen GER"]
[Date "2005.02.19"]
[Round "2.3"]
[White "Meins, Gerlef"]
[Black "Jussupow, Artur"]
[Result "1/2-1/2"]
[WhiteElo "2440"]
[BlackElo "2582"]
[PlyCount "50"]
[EventDate "2005.02.18"]
[EventType "swiss"]
[EventRounds "9"]
[EventCountry "GER"]
[Source "lmi"]
[SourceDate "2005.02.23"]

1. d4 d5 2. Nf3 c6 3. c4 e6 4. Qc2 Nf6 5. Nbd2 Na6 6. a3 Be7 7. b4 Nc7 8. Rb1
a5 9. c5 axb4 10. axb4 O-O 11. e3 Nd7 12. Bd3 f5 13. O-O Qe8 14. Ne5 Nxe5 15.
dxe5 Rb8 16. Nf3 b6 17. Ra1 Rf7 18. Nd4 Bf8 19. Bd2 b5 20. f4 g6 21. Be1 Na6
22. Qb2 Ra7 23. Bh4 Rba8 24. Qc3 Bd7 25. Nb3 Nc7 1/2-1/2

[Event "76. Campeonato de Alemania"]
[Site "Altenkirchen GER"]
[Date "2005.02.19"]
[Round "2.4"]
[White "Schlosser, Philipp"]
[Black "Henrichs, Thomas"]
[Result "1/2-1/2"]
[WhiteElo "2570"]
[BlackElo "2407"]
[PlyCount "35"]
[EventDate "2005.02.18"]
[EventType "swiss"]
[EventRounds "9"]
[EventCountry "GER"]
[Source "lmi"]
[SourceDate "2005.02.23"]

1. e4 c5 2. Nf3 d6 3. d4 cxd4 4. Nxd4 Nf6 5. Nc3 a6 6. Be2 e6 7. O-O Be7 8. f4
O-O 9. Be3 Nc6 10. a4 Bd7 11. Kh1 Nxd4 12. Bxd4 Bc6 13. Qd3 Nd7 14. Qg3 Bf6 15.
e5 dxe5 16. fxe5 Be7 17. Qe3 Qa5 18. Rfd1 1/2-1/2